Ricostruisci la Carriera del Calciatore - Roberto Carlos - Statistics

Statistiche generali
  • Questo quiz è stato fatto 6 volte
  • Il punteggio medio è 4 su 8
Statistiche sulle risposte
Hint Risposta % Corretto
2010-2011 Corinthians
80%
1996-2007 Real Madrid
80%
2015-2016 Delhi Dynamos
60%
2007-2009 Fenerbahçe
60%
1995-1996 Inter
40%
1993-1995 Palmeiras
40%
1991-1992 União São João
40%
2011-2012 Anži
20%
Nessun quiz corrispondente trovato
Distribuzione punteggi
Percentuale di utenti per punteggio
Percentile per numero di risposta
I tuoi punteggi nel tempo
Non hai fatto questo quiz